Effects of chemical, physical and mechanical processes on concrete (Record no. 114790)

MARC details
000 -LEADER
fixed length control field 00823cam a22002655a 4500
001 - CONTROL NUMBER
control field L157484
008 - FIXED-LENGTH DATA ELEMENTS--GENERAL INFORMATION
fixed length control field 121219s2012 xxk f 000 0 eng d
020 ## - INTERNATIONAL STANDARD BOOK NUMBER
International Standard Book Number 9781848062948
035 ## - SYSTEM CONTROL NUMBER
System control number (Sirsi) u157484
041 0# - LANGUAGE CODE
Language code of text/sound track or separate title eng
100 1# - MAIN ENTRY--PERSONAL NAME
Personal name Dunster, Andrew
100 1# - MAIN ENTRY--PERSONAL NAME
Personal name Quillin, Keith
100 1# - MAIN ENTRY--PERSONAL NAME
Personal name Nixon, Philip
110 2# - MAIN ENTRY--CORPORATE NAME
Corporate name or jurisdiction name as entry element Building Research Establishment
245 00 - TITLE STATEMENT
Title Effects of chemical, physical and mechanical processes on concrete
260 ## - PUBLICATION, DISTRIBUTION, ETC.
Place of publication, distribution, etc. Garston, Watford
Name of publisher, distributor, etc. BRE
Date of publication, distribution, etc. 2012
300 ## - PHYSICAL DESCRIPTION
Extent 12p.
Other physical details ill.
Dimensions 30cm.
490 #0 - SERIES STATEMENT
Series statement BRE Digest
Volume/sequential designation 527
520 ## - SUMMARY, ETC.
Summary, etc. Explores the physical and chemical degredation processes that can affect concrete buildings and infrastructure.
521 ## - TARGET AUDIENCE NOTE
Target audience note Advanced
650 ## - SUBJECT ADDED ENTRY--TOPICAL TERM
Topical term or geographic name entry element CONCRETE
651 #4 - SUBJECT ADDED ENTRY--GEOGRAPHIC NAME
Geographic name United Kingdom
Chronological subdivision
690 ## - LOCAL SUBJECT ADDED ENTRY--TOPICAL TERM (OCLC, RLIN)
Topical term or geographic name as entry element Building materials and defects
942 ## - ADDED ENTRY ELEMENTS (KOHA)
Suppress in OPAC 0
Holdings
Withdrawn status Lost status Source of classification or shelving scheme Damaged status Not for loan Home library Current library Shelving location Date acquired Total Checkouts Full call number Barcode Date last seen Copy number Price effective from Koha item type
    Dewey Decimal Classification     London London BRE publications 19/12/2012   BRE 30077524 06/08/2019 1 06/08/2019 Book